00461nam a2200145Ia 4500008004100000041000800041082001200049100001400061245003200075260002800107300003300135365001100168999001700179952011900196240624s9999 xx 000 0 und d aeng a920 PRE aPREMCHAND aRANGBHUMI THE ARENA OF LIFE c2011aNew DelhibOxford axviii, : 650 : p. : cm. ; 22 cRSb32 c18877d18877 00104070aIMTNbIMTNcRack 42-Bd2012-05-03eIBHg950.00o920 PREp18877r2024-06-24 00:00:00t1w2024-06-24yBK